<?xml version="1.0" encoding="UTF-8"?>
<record
    xmlns:xsi="http://www.w3.org/2001/XMLSchema-instance"
    xsi:schemaLocation="http://www.loc.gov/MARC21/slim http://www.loc.gov/standards/marcxml/schema/MARC21slim.xsd"
    xmlns="http://www.loc.gov/MARC21/slim">

  <leader>02942    a2200265   4500</leader>
  <controlfield tag="003">NALT</controlfield>
  <controlfield tag="005">20241002143037.0</controlfield>
  <controlfield tag="008">240308b        th ||||| |||| 00| 0 tha d</controlfield>
  <datafield tag="020" ind1=" " ind2=" ">
    <subfield code="a">9786161853006</subfield>
  </datafield>
  <datafield tag="040" ind1=" " ind2=" ">
    <subfield code="a">NALT</subfield>
  </datafield>
  <datafield tag="050" ind1=" " ind2=" ">
    <subfield code="a">BF 1779.F4</subfield>
    <subfield code="b">&#xE17;237&#xE2E; 2565</subfield>
  </datafield>
  <datafield tag="100" ind1="0" ind2=" ">
    <subfield code="a">&#xE17;&#xE28;&#xE1E;&#xE23; &#xE28;&#xE23;&#xE35;&#xE14;&#xE33;</subfield>
    <subfield code="9">46928</subfield>
  </datafield>
  <datafield tag="245" ind1="1" ind2="0">
    <subfield code="a">&#xE2E;&#xE27;&#xE07;&#xE08;&#xE38;&#xE49;&#xE22;&#xE14;&#xE35; &#xE1A;&#xE49;&#xE32;&#xE19;&#xE19;&#xE35;&#xE49;&#xE21;&#xE31;&#xE48;&#xE07;&#xE21;&#xE35;&#xE28;&#xE23;&#xE35;&#xE2A;&#xE38;&#xE02; /</subfield>
    <subfield code="c">&#xE17;&#xE28;&#xE1E;&#xE23; &#xE28;&#xE23;&#xE35;&#xE15;&#xE38;&#xE25;&#xE32;, &#xE40;&#xE02;&#xE35;&#xE22;&#xE19; ; &#xE2A;&#xE38;&#xE01;&#xE31;&#xE0D;&#xE0D;&#xE32; &#xE21;&#xE01;&#xE23;&#xE32;&#xE27;&#xE38;&#xE18;, &#xE40;&#xE23;&#xE35;&#xE22;&#xE40;&#xE23;&#xE35;&#xE22;&#xE07; ; Na-ru, &#xE27;&#xE32;&#xE14;&#xE20;&#xE32;&#xE1E;&#xE1B;&#xE23;&#xE30;&#xE01;&#xE2D;&#xE1A;</subfield>
  </datafield>
  <datafield tag="250" ind1=" " ind2=" ">
    <subfield code="a">&#xE1E;&#xE34;&#xE21;&#xE1E;&#xE4C;&#xE04;&#xE23;&#xE31;&#xE49;&#xE07;&#xE17;&#xE35;&#xE48; 14.</subfield>
  </datafield>
  <datafield tag="260" ind1=" " ind2=" ">
    <subfield code="a">&#xE01;&#xE23;&#xE38;&#xE07;&#xE40;&#xE17;&#xE1E;&#xE2F; :</subfield>
    <subfield code="b">&#xE0A;&#xE47;&#xE2D;&#xE23;&#xE4C;&#xE15;&#xE04;&#xE31;&#xE15; &#xE2D;&#xE21;&#xE23;&#xE34;&#xE19;&#xE17;&#xE23;&#xE4C;&#xE1E;&#xE23;&#xE34;&#xE49;&#xE19;&#xE15;&#xE34;&#xE49;&#xE07; &#xE41;&#xE2D;&#xE19;&#xE14;&#xE4C; &#xE1E;&#xE31;&#xE1A;&#xE25;&#xE34;&#xE0A;&#xE0A;&#xE34;&#xE48;&#xE07;,</subfield>
    <subfield code="c">2565.</subfield>
  </datafield>
  <datafield tag="300" ind1=" " ind2=" ">
    <subfield code="a">212 &#xE2B;&#xE19;&#xE49;&#xE32; :</subfield>
    <subfield code="b">&#xE20;&#xE32;&#xE1E;&#xE1B;&#xE23;&#xE30;&#xE01;&#xE2D;&#xE1A;, &#xE15;&#xE32;&#xE23;&#xE32;&#xE07; ;</subfield>
    <subfield code="c">19 &#xE0B;&#xE21;.</subfield>
  </datafield>
  <datafield tag="505" ind1="0" ind2=" ">
    <subfield code="a">&#xE04;&#xE33;&#xE19;&#xE33;&#xE2A;&#xE33;&#xE19;&#xE31;&#xE01;&#xE1E;&#xE34;&#xE21;&#xE1E;&#xE4C; -- &#xE04;&#xE33;&#xE19;&#xE33;&#xE1C;&#xE39;&#xE49;&#xE40;&#xE02;&#xE35;&#xE22;&#xE19; (&#xE1E;&#xE34;&#xE21;&#xE1E;&#xE4C;&#xE04;&#xE23;&#xE31;&#xE49;&#xE07;&#xE17;&#xE35;&#xE48; 1) -- &#xE04;&#xE33;&#xE19;&#xE33;&#xE1C;&#xE39;&#xE49;&#xE40;&#xE02;&#xE35;&#xE22;&#xE19; -- 1. &#xE2E;&#xE27;&#xE07;&#xE08;&#xE38;&#xE49;&#xE22;&#xE04;&#xE37;&#xE2D;&#xE2D;&#xE30;&#xE44;&#xE23;&#xE19;&#xE30; -- 2. &#xE01;&#xE48;&#xE2D;&#xE19;&#xE40;&#xE1B;&#xE34;&#xE14;&#xE2B;&#xE19;&#xE31;&#xE07;&#xE2A;&#xE37;&#xE2D;&#xE40;&#xE25;&#xE48;&#xE21;&#xE19;&#xE35;&#xE49; -- 3. &#xE02;&#xE49;&#xE2D;&#xE04;&#xE27;&#xE23;&#xE08;&#xE33;&#xE01;&#xE48;&#xE2D;&#xE19;&#xE40;&#xE23;&#xE34;&#xE48;&#xE21;&#xE15;&#xE49;&#xE19;&#xE08;&#xE31;&#xE14;&#xE2E;&#xE27;&#xE07;&#xE08;&#xE38;&#xE49;&#xE22;&#xE1A;&#xE49;&#xE32;&#xE19; -- 4. &#xE1A;&#xE49;&#xE32;&#xE19;&#xE19;&#xE35;&#xE49;&#xE2D;&#xE22;&#xE39;&#xE48;&#xE41;&#xE25;&#xE49;&#xE27;&#xE14;&#xE35; -- 5. &#xE1A;&#xE49;&#xE32;&#xE19;&#xE17;&#xE35;&#xE48;&#xE2D;&#xE32;&#xE08;&#xE32;&#xE23;&#xE22;&#xE4C;&#xE0A;&#xE49;&#xE32;&#xE07;&#xE44;&#xE1B;&#xE1A;&#xE48;&#xE2D;&#xE22; -- 6. &#xE1A;&#xE49;&#xE32;&#xE19;&#xE14;&#xE35;&#xE15;&#xE49;&#xE2D;&#xE07;&#xE21;&#xE35;&#xE40;&#xE0B;&#xE47;&#xE19;&#xE40;&#xE15;&#xE2D;&#xE23;&#xE4C; -- 7. &#xE1A;&#xE49;&#xE32;&#xE19;&#xE40;&#xE25;&#xE02;&#xE17;&#xE35;&#xE48;&#xE19;&#xE31;&#xE49;&#xE19;&#xE2A;&#xE33;&#xE04;&#xE31;&#xE0D;&#xE44;&#xE09;&#xE19; -- 8. &#xE2B;&#xE49;&#xE2D;&#xE07;&#xE04;&#xE23;&#xE31;&#xE27;&#xE14;&#xE35; + &#xE2B;&#xE49;&#xE2D;&#xE07;&#xE19;&#xE2D;&#xE19;&#xE14;&#xE35; = &#xE2A;&#xE38;&#xE02;&#xE20;&#xE32;&#xE1E;&#xE14;&#xE35; -- 9. &#xE2B;&#xE49;&#xE2D;&#xE07;&#xE19;&#xE49;&#xE33; &#xE40;&#xE1B;&#xE25;&#xE35;&#xE48;&#xE22;&#xE19;&#xE2B;&#xE49;&#xE2D;&#xE07;&#xE23;&#xE49;&#xE32;&#xE22;&#xE40;&#xE1B;&#xE47;&#xE19;&#xE2B;&#xE49;&#xE2D;&#xE07;&#xE14;&#xE35; -- 10. &#xE2B;&#xE49;&#xE2D;&#xE07;&#xE19;&#xE2D;&#xE19;&#xE01;&#xE31;&#xE1A;&#xE04;&#xE27;&#xE32;&#xE21;&#xE23;&#xE31;&#xE01; -- 11. &#xE2B;&#xE49;&#xE2D;&#xE07;&#xE19;&#xE31;&#xE48;&#xE07;&#xE40;&#xE25;&#xE48;&#xE19;&#xE01;&#xE31;&#xE1A;&#xE04;&#xE27;&#xE32;&#xE21;&#xE2D;&#xE1A;&#xE2D;&#xE38;&#xE48;&#xE19;&#xE43;&#xE19;&#xE04;&#xE23;&#xE2D;&#xE1A;&#xE04;&#xE23;&#xE31;&#xE27; -- 12. &#xE2E;&#xE27;&#xE07;&#xE08;&#xE38;&#xE49;&#xE22;&#xE2B;&#xE19;&#xE49;&#xE32;&#xE1A;&#xE49;&#xE32;&#xE19;&#xE01;&#xE31;&#xE1A;&#xE40;&#xE07;&#xE34;&#xE19; &#xE40;&#xE07;&#xE34;&#xE19; &#xE40;&#xE07;&#xE34;&#xE19; -- 13. &#xE2B;&#xE49;&#xE2D;&#xE07;&#xE1E;&#xE23;&#xE30;&#xE01;&#xE31;&#xE1A;&#xE01;&#xE23;&#xE30;&#xE1A;&#xE27;&#xE19;&#xE17;&#xE48;&#xE32;&#xE23;&#xE31;&#xE1A;&#xE21;&#xE37;&#xE2D;&#xE2A;&#xE34;&#xE48;&#xE07;&#xE40;&#xE23;&#xE49;&#xE19;&#xE25;&#xE31;&#xE1A; -- 14. &#xE2E;&#xE27;&#xE07;&#xE08;&#xE38;&#xE49;&#xE22;&#xE43;&#xE19;&#xE04;&#xE2D;&#xE19;&#xE42;&#xE2D; -- &#xE1A;&#xE17;&#xE2A;&#xE48;&#xE07;&#xE17;&#xE49;&#xE32;&#xE22; -- &#xE20;&#xE32;&#xE04;&#xE1C;&#xE19;&#xE27;&#xE01; -- &#xE17;&#xE34;&#xE28;&#xE01;&#xE31;&#xE1A;&#xE18;&#xE32;&#xE15;&#xE38; -- &#xE2D;&#xE07;&#xE04;&#xE4C;&#xE1B;&#xE23;&#xE30;&#xE01;&#xE2D;&#xE1A;&#xE02;&#xE2D;&#xE07;&#xE18;&#xE32;&#xE15;&#xE38;&#xE17;&#xE31;&#xE49;&#xE07; 5 &#xE43;&#xE19;&#xE2E;&#xE27;&#xE07;&#xE08;&#xE38;&#xE49;&#xE22; -- &#xE15;&#xE32;&#xE23;&#xE32;&#xE07;&#xE1B;&#xE35;&#xE40;&#xE01;&#xE34;&#xE14;&#xE01;&#xE31;&#xE1A;&#xE17;&#xE34;&#xE28;&#xE21;&#xE07;&#xE04;&#xE25; -- &#xE15;&#xE32;&#xE23;&#xE32;&#xE07;&#xE23;&#xE32;&#xE28;&#xE35;&#xE41;&#xE25;&#xE30;&#xE18;&#xE32;&#xE15;&#xE38;&#xE15;&#xE32;&#xE21;&#xE27;&#xE31;&#xE19;&#xE40;&#xE01;&#xE34;&#xE14;. </subfield>
  </datafield>
  <datafield tag="650" ind1=" " ind2="4">
    <subfield code="a">&#xE2E;&#xE27;&#xE07;&#xE08;&#xE38;&#xE49;&#xE22;</subfield>
    <subfield code="9">22544</subfield>
  </datafield>
  <datafield tag="650" ind1=" " ind2="4">
    <subfield code="a">&#xE42;&#xE2B;&#xE23;&#xE32;&#xE28;&#xE32;&#xE2A;&#xE15;&#xE23;&#xE4C;</subfield>
    <subfield code="9">29603</subfield>
  </datafield>
  <datafield tag="700" ind1="0" ind2=" ">
    <subfield code="a">&#xE2A;&#xE38;&#xE01;&#xE31;&#xE0D;&#xE0D;&#xE32; &#xE21;&#xE01;&#xE23;&#xE32;&#xE27;&#xE38;&#xE18;</subfield>
    <subfield code="9">29577</subfield>
  </datafield>
  <datafield tag="700" ind1="0" ind2=" ">
    <subfield code="a">na-ru</subfield>
    <subfield code="9">51908</subfield>
  </datafield>
  <datafield tag="942" ind1=" " ind2=" ">
    <subfield code="2">lcc</subfield>
    <subfield code="c">GB</subfield>
  </datafield>
  <datafield tag="996" ind1=" " ind2=" ">
    <subfield code="a">saiphon.d</subfield>
    <subfield code="b">CATSTF	</subfield>
    <subfield code="c">2024-03-08</subfield>
  </datafield>
  <datafield tag="999" ind1=" " ind2=" ">
    <subfield code="c">104671</subfield>
    <subfield code="d">104671</subfield>
  </datafield>
  <datafield tag="998" ind1=" " ind2=" ">
    <subfield code="j">2118</subfield>
    <subfield code="k"> &#xE27;&#xE34;&#xE20;&#xE32;&#xE27;&#xE23;&#xE23;&#xE13;  &#xE40;&#xE2A;&#xE47;&#xE07;&#xE08;&#xE35;&#xE19;</subfield>
  </datafield>
  <datafield tag="952" ind1=" " ind2=" ">
    <subfield code="0">0</subfield>
    <subfield code="1">0</subfield>
    <subfield code="2">lcc</subfield>
    <subfield code="4">0</subfield>
    <subfield code="7">0</subfield>
    <subfield code="a">NALT</subfield>
    <subfield code="b">NALT</subfield>
    <subfield code="d">2024-02-27</subfield>
    <subfield code="e">192</subfield>
    <subfield code="l">3</subfield>
    <subfield code="m">1</subfield>
    <subfield code="o">BF 1779.F4 &#xE17;237&#xE2E; 2565</subfield>
    <subfield code="p">3961222600</subfield>
    <subfield code="r">2024-10-16 00:00:00</subfield>
    <subfield code="s">2024-10-02</subfield>
    <subfield code="w">2024-02-27</subfield>
    <subfield code="y">GB</subfield>
  </datafield>
</record>
